Súvislosti realizácie koncepcie striebornej ekonomiky v krajinách Európskej únie

Efekty realizácie koncepcie striebornej ekonomiky. Väzby demografického vývoja, formovania dôchodkov a potenciálu striebornej ekonomiky. Štruktúra potenciálneho dopytu starších v regiónoch a krajinách Európskej únie. Vzťah príjmov aktívneho obyvateľstva a starších obyvateľov. Dlhodobý rámec realizác...

Ausführliche Beschreibung

Gespeichert in:
Bibliographische Detailangaben
1. Verfasser: Pauhofová, Iveta
Weitere Verfasser: Páleník, Michal
Format: Buchkapitel
Sprache:Slowakisch
Schlagworte:
Tags: Tag hinzufügen
Keine Tags, Fügen Sie das erste Tag hinzu!

MARC

LEADER 00000naa a2200000 4500
001 0178909
005 20231208073426.6
041 0 |a slo 
044 |a SK 
245 1 0 |a Súvislosti realizácie koncepcie striebornej ekonomiky v krajinách Európskej únie  |c Iveta Pauhofová, Michal Páleník 
520 |a Efekty realizácie koncepcie striebornej ekonomiky. Väzby demografického vývoja, formovania dôchodkov a potenciálu striebornej ekonomiky. Štruktúra potenciálneho dopytu starších v regiónoch a krajinách Európskej únie. Vzťah príjmov aktívneho obyvateľstva a starších obyvateľov. Dlhodobý rámec realizácie koncepcie striebornej ekonomiky na Slovensku. 
610 2 0 |a Slovensko 
610 2 0 |a politika sociálna 
610 2 0 |a Európska únia 
610 2 0 |a kríza hospodárska 
610 2 0 |a dôchodky 
610 2 0 |a obyvateľstvo aktívne 
610 2 0 |a príjmy obyvateľstva 
100 1 |a Pauhofová, Iveta 
700 1 |a Páleník, Michal